[Event "MCR mladeze, Kouty 2018 - D12"]
[Site "Kouty nad Desnou"]
[Date "2018.03.15"]
[Round "7"]
[White "Jaresova, Vendula"]
[Black "Glasbergerova, Lucie"]
[Result "0-1"]
[WhiteElo "1000"]
[BlackElo "1222"]
[EventDate "2018.03.10"]

1. e4  e5  2. Nf3  Nc6
3. Nxe5  Nxe5  4. d4
Nc6  5. Nc3  Nf6
6. Bc4  Bb4  7. Bf4
Nxe4  8. O-O  Nxc3
9. bxc3  Bxc3  10. Rb1
O-O  11. Bd3  Qh4
12. Qe2  Qxf4  13. Qh5
g6  14. Qe2  d5
15. Rb3  Bxd4  16. c3  Bb6
17. Rb4  Nxb4  18. cxb4
Qg5  19. b5  Bh3
20. Qf3  Bg4  21. Qg3
Bc5  22. h3  Bd6
23. Qe3  Qxe3  24. fxe3
Be6  25. a4  Bc5
26. a5  Bxe3+ 27. Kh1  Rfe8
28. b6  cxb6  29. axb6
axb6  30. Bb5  Rec8
31. Bd3  Rc1  32. Bb5
Rxf1+  33. Bxf1  Ra1
34. g3  b5  35. Kg2
b4  36. Kf3  d4
37. Bd3  b3  38. Ke4  b2
39. Ke5  b1=Q  40. Bxb1
Rxb1  41. Kd6  d3
42. Ke5  d2  43. Ke4
d1=Q  44. Kxe3  Rb3+
45. Ke4  Qd5+  46. Kf4
Qf5# 0-1

[Event "MCR mladeze, Kouty 2018 - D12"]
[Site "Kouty nad Desnou"]
[Date "2018.03.15"]
[Round "7"]
[White "Mitasova, Klara"]
[Black "Macova, Marketa"]
[Result "1-0"]
[WhiteElo "1000"]
[BlackElo "1000"]
[EventDate "2018.03.10"]

1. e4  e5  2. Bc4  Bc5
3. Nf3  Nc6  4. Nc3
d6  5. d3  Bg4
6. h3  Bh5  7. g4  Bg6
8. Qe2  Nf6  9. Be3
Bxe3  10. Qxe3  O-O
11. O-O-O  Nb4  12. g5
Nh5  13. Nd5  Nxd5
14. exd5  Qd7  15. b3
Rae8  16. Rde1  Re7
17. d4  Rfe8  18. Qc3
e4  19. Nh4  b5
20. Nxg6  hxg6  21. Be2  e3
22. Bxh5  gxh5  23. fxe3
Re4  24. Qc6  Qf5
25. h4  Rxe3  26. Rxe3
Rxe3  27. Qa8+  Kh7
28. Rg1  Re2  29. Qc6
Qe4  30. Qc3  b4
31. Qd3  c5  32. Qxe4+
Rxe4  33. dxc5  dxc5
34. d6  Re8  35. Rd1
Rd8  36. d7  f6
37. Kb2  f5  38. a3  bxa3+
39. Kxa3  f4  40. b4
c4  41. Ka4  f3
42. Kb5  f2  43. Kc6  Kg8
44. Rf1  Rf8  45. Kc7
Kf7  46. Rxf2+  Ke7
47. Rxf8  Kxf8  48. d8=Q+
Kf7  49. Qd5+  Kg6
50. Kd7  Kh7  51. Ke7
Kg6  52. Qf7+  Kh7
53. Kf8  Kh8  54. Qxg7# 1-0

[Event "MCR mladeze, Kouty 2018 - D12"]
[Site "Kouty nad Desnou"]
[Date "2018.03.16"]
[Round "8"]
[White "Pejrimovska, Viola Ruby"]
[Black "Fizerova, Lucie"]
[Result "1-0"]
[WhiteElo "1444"]
[BlackElo "1367"]
[EventDate "2018.03.10"]

1. e4  g6  2. d4  d6
3. Bc4  Nf6  4. Nc3
Nbd7  5. Nf3  c6
6. Bf4  b5  7. Bd3
Nh5  8. Be3  Qc7
9. Qd2  Nhf6  10. O-O
h5  11. Rfe1  Bb7
12. Bf4  Rg8  13. e5
dxe5  14. dxe5  b4
15. exf6  bxc3  16. Qe3
Qc8  17. fxe7  Bg7
18. Bc4  Nb6  19. Rad1
Nd5  20. Bxd5  cxd5
21. Ng5  cxb2  22. Qd3
Qc4  23. Qxc4  dxc4
24. Bc7  Be5  25. Bxe5
Kxe7  26. Bg7+  1-0

[Event "MCR mladeze, Kouty 2018 - D12"]
[Site "Kouty nad Desnou"]
[Date "2018.03.16"]
[Round "8"]
[White "Markova, Karolina"]
[Black "Martinkova, Magdalena"]
[Result "0-1"]
[WhiteElo "1147"]
[BlackElo "1112"]
[EventDate "2018.03.10"]

1. d4  Nf6  2. Nc3  d5
3. Bg5  g6  4. Bxf6
exf6  5. e4  dxe4
6. Nxe4  Bg7  7. c3
O-O  8. Be2  Re8
9. Ng3  Nc6  10. Nf3
f5  11. Nf1  b6
12. N1d2  Ba6  13. c4  Nxd4
14. Nxd4  Bxd4  15. O-O
Bxb2  16. Rb1  Bc3
17. Rb3  Qxd2  18. Qxd2
Bxd2  19. Bf3  Bxc4
0-1

[Event "MCR mladeze, Kouty 2018 - D12"]
[Site "Kouty nad Desnou"]
[Date "2018.03.16"]
[Round "8"]
[White "Trasakova, Adela"]
[Black "Voriskova, Anna"]
[Result "0-1"]
[WhiteElo "1227"]
[BlackElo "1521"]
[EventDate "2018.03.10"]

1. d4  Nf6  2. Bf4  e6
3. Nd2  b6  4. e4
d6  5. Ngf3  Bb7
6. Bd3  Be7  7. O-O
O-O  8. c3  c5
9. Qe2  Nbd7  10. Rfe1  Re8
11. h3  Nf8  12. e5 dxe5
13. dxe5  Nd5  14. Bg3
Ng6  15. Bxg6  hxg6
16. Rad1  Qc7  17. Ne4
Red8  18. Nd6  Qc6
19. a3  Nc7  20. Rd2
Ne8  21. Red1  Bxd6
22. exd6  Nf6  23. Bh4
Rd7  24. Bxf6  gxf6
25. Qd3  Rad8  26. Ne1
e5  27. f3  c4
28. Qe2  b5  29. Qf2  a6
30. f4  Rxd6  31. Rxd6
Rxd6  32. Rxd6  Qxd6
33. f5  Be4  34. fxg6
fxg6  35. Nf3  Kg7
36. Qa7+  Kg8  37. Qf2
Bxf3  38. Qxf3  Kg7
39. Qg4  Qd2  40. Qc8
Qxb2  41. Qxa6  Qxc3
42. Qxb5  Qb3  43. Qd7+
Kh6  44. Qd2+  g5
45. Qd8  Kg6  46. Qe8+
Kf5  47. Qd7+  Kf4
48. Qg4+  Ke3  49. Qf3+
Kd4  50. Qxf6  Qe3+
51. Kh1  Qc1+  0-1

[Event "MCR mladeze, Kouty 2018 - D12"]
[Site "Kouty nad Desnou"]
[Date "2018.03.16"]
[Round "8"]
[White "Koci, Magda"]
[Black "Nespora, Tatana"]
[Result "1/2-1/2"]
[WhiteElo "1301"]
[BlackElo "1274"]
[EventDate "2018.03.10"]

1. e4  c5  2. Nf3  e6
3. d4  cxd4  4. Nxd4
Nf6  5. Nc3  d6
6. g4  e5  7. Nf5  a6
8. g5  Nxe4  9. Nxg7+
Bxg7  10. Nxe4  d5
11. Ng3  Be6  12. Bg2
Nc6  13. Nh5  Bf8
14. Nf6+  Ke7  15. Bxd5
Qa5+  16. Qd2  Nb4
17. O-O  Rd8  18. a3
Bxd5  19. Qxb4+  Qxb4
20. Nxd5+  Rxd5  21. axb4
Rg8  22. Ra5  Ke6
23. c3  h6  24. h4
Rd3  25. Kh2  hxg5
26. Bxg5  Rh8  27. Re1
f6  28. Be3  Rxh4+
29. Kg2  Bd6  1/2-1/2

[Event "MCR mladeze, Kouty 2018 - D12"]
[Site "Kouty nad Desnou"]
[Date "2018.03.16"]
[Round "8"]
[White "Hosova, Sandra"]
[Black "Vankova, Marie"]
[Result "0-1"]
[WhiteElo "1142"]
[BlackElo "1291"]
[EventDate "2018.03.10"]

1. e4  e6  2. d4  d5
3. exd5  exd5  4. Bd3
Nc6  5. Nf3  Bg4
6. c3  Qd7  7. O-O
O-O-O  8. Nbd2  Bd6
9. b4  Nce7  10. Qb3
f5  11. Ng5  Re8
12. Nf7  Nf6  13. Nxh8
Rxh8  14. h3  Bh5
15. c4  g5  16. c5
Bf4  17. g3  Bxd2
18. Bxd2  f4  19. g4
Nxg4  20. Be2  Nf6
21. Bxh5  Nxh5  22. Qf3
Nf6  23. a4  Rg8
24. Qh1  g4  25. h4
g3  26. Kg2  gxf2+
27. Kxf2  Ne4+  28. Ke1
Ng3  29. Qf3  Nxf1
30. Kxf1  Qg4  31. Kf2
Qxh4+  32. Ke2  Qh2+
33. Kd1  Rg1+  34. Be1
Qh1  35. Qxh1  Rxh1
36. Ke2  Ng6  37. Bc3
Rxa1  38. Bxa1  Kd7
39. Kf3  h5  40. Bc3
Ke6  41. Bd2  Kf5
42. Be1  h4  43. Kg2
Kg4  44. Bf2  f3+
45. Kg1  Nf4  46. Kh2
Nh3  47. Bg1  Nxg1
48. Kxg1  Kg3  49. Kf1
f2  50. c6  b6
51. a5  b5  52. a6  h3
0-1

[Event "MCR mladeze, Kouty 2018 - D12"]
[Site "Kouty nad Desnou"]
[Date "2018.03.16"]
[Round "8"]
[White "Nagyova, Daniela"]
[Black "Zelbova, Lada"]
[Result "1-0"]
[WhiteElo "1313"]
[BlackElo "1131"]
[EventDate "2018.03.10"]

1. e4  c5  2. Nf3  d6
3. d4  cxd4  4. Nxd4
Nf6  5. Nc3  a6
6. Be3  e5  7. Nb3  Be6
8. Be2  Be7  9. Qd3
d5  10. exd5  Nxd5
11. Nxd5  Qxd5  12. O-O
Qxd3  13. Bxd3  O-O
14. Rad1  Nd7  15. h3
Rac8  16. Rfe1  f5
17. f3  Nf6  18. Bf2
Nd7  19. Kh1  b5
20. Nc1  Rf6  21. b3
Ra8  22. c4  b4
23. Bb1  e4  24. fxe4  f4
25. e5  Rff8  26. Be4
Rad8  27. Bd5  Bxd5
28. cxd5  Rfe8  29. d6
Bxd6  30. Rxd6  Nf8
31. Rxd8  Rxd8  32. e6
Re8  33. e7  Ng6
34. Bc5  a5  35. a3
bxa3  36. Bxa3  Kf7
37. Nd3  1-0

[Event "MCR mladeze, Kouty 2018 - D12"]
[Site "Kouty nad Desnou"]
[Date "2018.03.16"]
[Round "8"]
[White "Vavrinkova, Marie"]
[Black "Zemanova, Nikola"]
[Result "0-1"]
[WhiteElo "1165"]
[BlackElo "1173"]
[EventDate "2018.03.10"]

1. e4  e5  2. Nf3  Nc6
3. Bb5  a6  4. Ba4
Nf6  5. d3  Be7
6. c3  b5  7. Bb3  d5
8. exd5  Nxd5  9. O-O
O-O  10. Re1  Bf6
11. h3  Bb7  12. Nbd2
Nb6  13. Ne4  Nd7
14. Nxf6+  Qxf6  15. Bg5
Qd6  16. Qd2  h6
17. Bh4  Nf6  18. Bg3
Rfe8  19. d4  Nd7
20. Re2  Re7  21. Rae1
Rae8  22. a3  Na5
23. Nxe5  Nxb3  24. Nxf7
Nxd2  25. Nxd6  Rxe2 26. Rxe2
Rxe2  27. Nxb7  Re1+
28. Kh2  Nf1+  0-1

[Event "MCR mladeze, Kouty 2018 - D12"]
[Site "Kouty nad Desnou"]
[Date "2018.03.16"]
[Round "8"]
[White "Sulcova, Tereza"]
[Black "Havelkova, Beata"]
[Result "1-0"]
[WhiteElo "1140"]
[BlackElo "1148"]
[EventDate "2018.03.10"]

1. d4  d5  2. Nf3  Nf6
3. e3  e6  4. Bd3
c5  5. c3  Nc6
6. Nbd2  Bd6  7. O-O  O-O
8. Qe2  c4  9. Bc2
e5  10. e4  dxe4
11. Nxe4  exd4  12. cxd4
Be6  13. Bg5  Be7
14. Rad1  Nxe4  15. Qxe4
g6  16. Bh6  Re8
17. d5  Bf5  18. Qxc4
Bxc2  19. Qxc2  Nb4
20. Qc3  Nxa2  21. Qg7# 1-0

[Event "MCR mladeze, Kouty 2018 - D12"]
[Site "Kouty nad Desnou"]
[Date "2018.03.16"]
[Round "8"]
[White "Szuscikova, Natalie"]
[Black "Rolinkova, Adela"]
[Result "1-0"]
[WhiteElo "1181"]
[BlackElo "1209"]
[EventDate "2018.03.10"]

1. e4  d5  2. exd5  Qxd5
3. Nc3  Qa5  4. d4
Nf6  5. Bd3  Bf5
6. Qe2  e6  7. a3
Bxd3  8. Qxd3  c6
9. Nf3  Bd6  10. O-O
O-O  11. h3  Na6
12. Bg5  Nd7  13. Ne4
Bc7  14. Rfe1  Rad8
15. Bxd8  Rxd8  16. Nfg5
Ne5  17. Qe3  Bb6
18. Qg3  Ng6  19. Qf3
f5  20. Ng3  Qd5
21. Qxd5  exd5  22. Nxf5
Rf8  23. Ne7+  Nxe7
24. Rxe7  Bd8  25. Re5
Bc7  26. Re2  h6
27. Ne6  Re8  28. Rae1
Bd6  29. Nf4  Rxe2
30. Nxe2  Nc7  31. Ng3
Bxg3  32. fxg3 Kf7  33. Kf2
Ne6  34. Ke3  1-0

[Event "MCR mladeze, Kouty 2018 - D12"]
[Site "Kouty nad Desnou"]
[Date "2018.03.16"]
[Round "8"]
[White "Ticha, Sofie"]
[Black "Novakova, Barbora"]
[Result "0-1"]
[WhiteElo "1086"]
[BlackElo "1188"]
[EventDate "2018.03.10"]

1. d4  d5  2. Nc3  e6
3. Nf3  Nf6  4. Bg5
Be7  5. e3  O-O
6. Bd3  b6  7. O-O  c5
8. Re1  c4  9. Bf1
Nc6  10. b3  Bb4
11. Qd2  b5  12. a3
Bxc3  13. Qxc3  a6
14. bxc4  bxc4  15. Ne5
Nxe5  16. dxe5  Ne4
17. Bxd8  Nxc3  18. Ba5
Nb5  19. e4  Nd4
20. Rac1  Nc6  21. Bb4
Nxb4  22. axb4  Bd7
23. exd5  exd5  24. Rcd1
Be6  25. g3  a5
26. bxa5  Rxa5  27. Ra1  Rfa8
28. Reb1  Rxa1  29. Rb5
Bh3  30. Rxd5  Rxf1#
0-1

[Event "MCR mladeze, Kouty 2018 - D12"]
[Site "Kouty nad Desnou"]
[Date "2018.03.16"]
[Round "8"]
[White "Stavova, Helena"]
[Black "Folkova, Marketa"]
[Result "1-0"]
[WhiteElo "1000"]
[BlackElo "1027"]
[EventDate "2018.03.10"]

1. e4  e5  2. Nf3  Nc6
3. d4  exd4  4. Nxd4
Bc5  5. Be3  Qf6
6. c3  Nge7  7. Be2
O-O  8. O-O  d5
9. exd5  Nxd5  10. Nxc6  Qxc6
11. Bf3  Be6  12. Re1
Bxe3  13. fxe3  Qc5
14. Qe2  Rfe8  15. Nd2
Nf6  16. Kh1  Rad8
17. Rad1  Qg5  18. Ne4
Nxe4  19. Bxe4  Bg4
20. Bf3  Bxf3  21. Qxf3
Rxd1  22. Qxd1  h6
23. Qf3  Qb5  24. Qe2
Qxe2  25. Rxe2  Rd8
26. Kg1  Kf8  27. Kf2
Ke7  28. Kf3  Ke6
29. Ke4  f5+  30. Kf4
g5+  31. Kf3  h5
32. e4  fxe4+  33. Rxe4+
Kd6  34. Rd4+  Ke7
35. Rxd8  Kxd8  36. Ke4
Kd7  37. Kf5  Kd6
38. Kxg5  Ke5  39. Kxh5
Kf4  40. g4  c5
41. g5  b5  42. g6  a5
43. g7  1-0

[Event "MCR mladeze, Kouty 2018 - D12"]
[Site "Kouty nad Desnou"]
[Date "2018.03.16"]
[Round "8"]
[White "Seda, Michaela"]
[Black "Stastna, Alena"]
[Result "1-0"]
[WhiteElo "1250"]
[BlackElo "1067"]
[EventDate "2018.03.10"]

1. e4  c5  2. Nf3  Nc6
3. c4  e5  4. d3
d6  5. Nc3  Bg4
6. Nd5  Nd4  7. Be2  Be7
8. Nxd4  Bxe2  9. Nxe2
Nf6  10. Nec3  O-O
11. O-O  Qd7  12. Be3
Ng4  13. Nxe7+  Qxe7
14. Qxg4  g6  15. Nd5
Qe6  16. Qxe6  fxe6
17. Nc3  a6  18. f4
exf4  19. Rxf4  Rxf4
20. Bxf4  e5  21. Bh6
Rb8  22. Rf1  b6
23. Nd5  b5  24. cxb5
axb5  25. Nb6  Rd8
26. Nd7  c4  27. dxc4
bxc4  28. a4  g5
29. a5  c3  30. bxc3
g4  31. a6  g3
32. hxg3  d5  33. exd5  e4 34.
Rf8+  Rxf8  35. Bxf8  e3
36. Kf1  e2+  37. Kxe2
h6  38. a7  1-0

[Event "MCR mladeze, Kouty 2018 - D12"]
[Site "Kouty nad Desnou"]
[Date "2018.03.16"]
[Round "8"]
[White "Glasbergerova, Lucie"]
[Black "Stribna, Julie"]
[Result "1/2-1/2"]
[WhiteElo "1222"]
[BlackElo "1061"]
[EventDate "2018.03.10"]

1. e4  e5  2. Nf3  Nc6
3. Bc4  Bc5  4. Nc3
Nf6  5. d3  h6
6. Be3  Bb6  7. O-O  O-O
8. Qd2  d6  9. h3
Be6  10. Rad1  Bxc4
11. dxc4  Ne7  12. b3
Qd7  13. Ne2  Rad8
14. a3  Nxe4  15. Qd3 d5
16. cxd5  Qxd5  17. Qxd5
Nxd5  18. Bxb6 Nxb6  19. Nxe5
f6  20. Ng6  Rfe8
21. Ngf4  c6  22. c4
Nc5  23. b4  Nb3
24. c5  Nc4  25. a4
Rxd1  26. Rxd1  Nbd2
27. b5  cxb5  28. axb5
Re5  29. c6  bxc6
30. bxc6  Rc5  31. Nd4
Ne4  32. Nfe6  Rd5
33. c7  Ned6  34. Rb1
Nb6  35. Nc6  Rb5
36. Rxb5  Nxb5  37. Kf1
Kf7  38. Ned4  Nxd4
39. Nxd4  Ke7  40. Nc6+
Kd7  41. Nxa7  Kxc7
42. Nb5+  Kd7  43. Nd4
Ke7  44. Nf5+  Kf8
45. Ke2  Nc4  46. Kd3
Ne5+  47. Ke4  Nc6
48. g4  Ne7  49. Nxe7
Kxe7  50. f4  Kf7
51. h4  g5  52. hxg5
hxg5  53. fxg5  Kg6
54. gxf6  Kxf6  55. Kf4
Kg6  56. g5  Kf7
57. Kf5  Kf8  58. Kf6
Kg8  59. g6  Kf8
60. Kg5  Kg8  61. Kf6
Kf8  62. Kg5  Kg8
63. Kh5  Kg7  64. Kg5
Kg8  65. Kf5  Kg7
66. Kg5  Kg8  67. Kf6
Kf8  68. Kg5  Kg7
69. Kh5  Kg8  70. Kh6
Kh8  71. Kg5  Kg7
72. Kh5  Kg8  73. Kh6
Kh8  74. Kg5  Kg7
75. Kf5  Kg8  76. Kf6
Kf8  77. Ke6  Kg7
78. Kf5  Kg8  79. Kf6
Kf8  1/2-1/2

[Event "MCR mladeze, Kouty 2018 - D12"]
[Site "Kouty nad Desnou"]
[Date "2018.03.16"]
[Round "8"]
[White "Sehnoutkova, Laura"]
[Black "Coufalova, Laura"]
[Result "1/2-1/2"]
[WhiteElo "1079"]
[BlackElo "1089"]
[EventDate "2018.03.10"]

1. e4  e5  2. Nf3  Nc6
3. Bc4  Be7  4. O-O
Nf6  5. Nc3  O-O
6. d4  d6  7. h3
b6  8. d5  Nb8
9. Be3  Nbd7  10. Qe2  Bb7
11. Rfd1  Qc8  12. Bb5
Rd8  13. Bc6  Bxc6
14. dxc6  Nf8  15. Rd3
Ng6  16. Rad1  Nf4
17. Bxf4  exf4  18. a4
Qe6  19. Rd4  Re8
20. b4  Bf8  21. R1d2
Rad8  22. Qd1  a6
23. Re2  a5  24. bxa5
bxa5  25. Nb5  Re7
26. Qd2  Nh5  27. Qxa5
Nf6  28. Nxc7  Qc8
29. Nb5  Qa8  30. Qxa8
Rxa8  31. c7  Rc8
32. a5  Ne8  33. Rc4
Nxc7  34. Nxc7  Rexc7
35. Rxc7  Rxc7  36. Re1
Ra7  37. Ra1  Be7
38. a6  Bd8  39. Nd4
Bb6  40. Nc6  Ra8
41. a7  Kf8  42. Kf1
Ke8  43. Ra6  Bc5
44. f3  Kd7  45. Ke2
Kc7  46. Ne7  g5
47. Kd3  Rxa7  48. Rxa7+
Bxa7  49. Kc4  Kd7
50. Nf5  Ke6  51. Ng7+
Ke5  52. Nh5  f5
53. Kd3  fxe4+  54. fxe4
d5  55. exd5  Kxd5
56. Nf6+  Ke5  57. Nxh7
Kf5  58. Kc4  Bb8
59. Kd5  g4  60. hxg4+
Kxg4  61. Nf6+  Kg3
62. Nh5+  Kxg2  63. Nxf4+
Bxf4  64. c4  Be3
1/2-1/2

[Event "MCR mladeze, Kouty 2018 - D12"]
[Site "Kouty nad Desnou"]
[Date "2018.03.16"]
[Round "8"]
[White "Spacilova, Klara"]
[Black "Mitasova, Klara"]
[Result "1-0"]
[WhiteElo "1014"]
[BlackElo "1000"]
[EventDate "2018.03.10"]

1. e4  e5  2. Nf3  Nc6
3. Nc3  Nf6  4. Bb5
a6  5. Bxc6  bxc6
6. Nxe5  Bc5  7. d3
d6  8. Nf3  Qe7
9. O-O  O-O  10. h3  Re8
11. Re1  Qd8  12. Bg5
h6  13. Bh4  Be6
14. a3  d5  15. e5
g5  16. Bg3  Nh5
17. Bh2  a5  18. d4
Be7  19. Nd2  a4
20. Qxh5  Kg7  21. Qf3
Kg6  22. Qe2  Bf5
23. Nf3  f6  24. Rac1
c5  25. dxc5  Bxc5
26. Qb5  Bb6  27. Qxd5
Ra5  28. Qxd8  Rxd8
29. g4  Be6  30. exf6
Re8  31. Na2  Kxf6
32. Nb4  Kf7  33. Ne5+
Kf8  34. Ned3  Bc4
35. Rxe8+  Kxe8  36. Re1+
Kf8  37. Re5  Bxd3
38. Rxa5  Bxa5  39. Nxd3
Ke7  40. Nc5  Kf6
41. Na6  Kg6  42. Bxc7
Bxc7  43. Nxc7  h5
44. Nd5  hxg4  45. hxg4
Kf7  46. Kg2  Ke6
47. Nc3  Kd6  48. Kg3
Kc5  49. Nxa4+  Kb5
50. Nc3+  Kc4  51. f4
gxf4+  52. Kxf4  Kc5
53. g5  Kd6  54. Kf5
Kd7  55. Kf6  Ke8
56. Kg7  Ke7  57. Kh7
Ke8  58. g6  Kd8
59. g7  Kd7  60. g8=Q
Kd6  61. Qd5+  Ke7
62. Kg6  Ke8  63. Qb7
Kd8  64. Kf6  Ke8
65. Qe7# 1-0

[Event "MCR mladeze, Kouty 2018 - D12"]
[Site "Kouty nad Desnou"]
[Date "2018.03.16"]
[Round "8"]
[White "Klausova, Katerina"]
[Black "Movsisyan, Lusine"]
[Result "0-1"]
[WhiteElo "1000"]
[BlackElo "1000"]
[EventDate "2018.03.10"]

1. e4 c5 2. Nf3  d6  3. d4  cxd4
4. Nxd4  Nf6  5. Nc3
e6  6. Be3  Be7
7. Be2  O-O  8. O-O  Nc6
9. f4  a6  10. Bf3
e5  11. Nb3  exf4
12. Bxf4  Be6  13. Nd2
Rc8  14. Kh1  Qb6
15. b3  Ne5  16. Bg3
Rxc3  17. Bf2  Qc7
18. Bd4  Rxc2  19. Nb1
Rc8  20. Na3  Rc6
21. h3  d5  22. Re1
Bxa3  23. Rb1  Rc1
24. Qd2  Rxb1  25. Rxb1
Qc1+  26. Rxc1  Rxc1+
27. Bd1  Nxe4  28. Qe2
Ng3+  29. Kh2  Nxe2
30. Bxe2  Nc6  31. Be3
Bd6+  32. g3  Rc2
33. a4  Rxe2+  34. Bf2
d4  35. Kg1  d3
36. Kf1  Bxh3+  37. Kg1  d2
38. Kh2  d1=Q  39. Kxh3
Re4  40. g4  Qh1# 0-1

[Event "MCR mladeze, Kouty 2018 - D12"]
[Site "Kouty nad Desnou"]
[Date "2018.03.16"]
[Round "8"]
[White "Macova, Marketa"]
[Black "Jaresova, Vendula"]
[Result "1-0"]
[WhiteElo "1000"]
[BlackElo "1000"]
[EventDate "2018.03.10"]

1. e4  e5  2. Nf3  Nc6
3. Bc4  Nf6  4. Ng5
Qe7  5. Nxf7  Rg8
6. d3  Nd4  7. O-O
Nb5  8. Ng5  Nd6
9. Bxg8  Qd8  10. Bxh7
Nb5  11. c3  Bc5
12. Qb3  Nd6  13. Be3
b6  14. Na3  Qe7
15. Nb5  Kd8  16. Nxd6
cxd6  17. Nf7+  Kc7
18. Bxc5  bxc5  19. Rae1
Nxh7  20. Qd5  Qh4
21. Qxa8  Nf6  22. Qxa7+
Bb7  23. Qa5+  Kb8
24. Nxd6  Ng4  25. h3
Nh6  26. Qb5  Kc7
27. Qxb7+  Kd8  28. Qc8+
Ke7  29. Ne8  Nf7
30. Re3  Qh8  31. Qxc5+
Kd8  32. Nc7  Kc8
33. Rf3  Qg8  34. Nb5+
Kd8  35. a4 d6  36. Nxd6
Nxd6  37. Qxd6+  Ke8
38. a5  Qh8  39. a6
Qh6  40. Qxe5+  Qe6
41. Qxe6+  Kd8  42. Rf8+
Kc7  43. Rf7+  Kb8
44. Qe8#  1-0

[Event "MCR mladeze, Kouty 2018 - D14"]
[Site "Kouty nad Desnou"]
[Date "2018.03.10"]
[Round "1"]
[White "Lhotska, Anna"]
[Black "Saskova, Renata"]
[Result "1-0"]
[WhiteElo "1647"]
[BlackElo "1307"]
[EventDate "2018.03.10"]

1. c4  c6  2. Nc3  d5
3. cxd5  cxd5  4. g3
Nf6  5. Bg2  Bf5
6. d3  e6  7. Nf3
Nc6  8. Qa4  Rc8
9. Nd4  Bg6  10. Nxc6
bxc6  11. Qxa7  Be7
12. Bf4  O-O  13. O-O
Re8  14. a4  h6
15. a5  Ra8  16. Qc7  Qxc7
17. Bxc7  Ra6  18. Ra4
Bd8  19. Bxd8  Rxd8
20. Na2  Rda8  21. Nb4
Rxa5  22. Rxa5  Rxa5
23. Nxc6  Rb5  24. b4
Rb6  25. Rc1  Ne8
26. e4  dxe4  27. Ne7+
Kh7  28. Nxg6  fxg6
29. Bxe4  Rxb4  30. Rc6
Nf6  31. Rxe6  Nxe4
32. Rxe4  Rb3  33. Re3
Rb1+  34. Kg2  Rd1
35. Kf3  Rd2  36. h4
Kg8  37. Re8+  Kf7
38. Rd8  Ke7  39. Rd4
Ke6  40. Ke3  Rd1
41. Re4+  Kd5  42. Rg4
Re1+  43. Kd2  Re6
44. Rf4  Re7  45. Ra4
Rf7  46. Ra5+  Kd4
47. Ra4+  Kd5  48. Ke3
Re7+  49. Re4  Rxe4+
50. dxe4+  Ke5  51. f4+
Ke6  52. Kf3  h5
53. g4  Kf6  54. g5+
Ke6  55. Ke3  Kd6
56. Kd4  Ke6  57. Kc5
Kf7  58. Kd6  Ke8
59. Ke6  Kf8  60. Kd7
Kf7  61. e5  Kf8
62. e6  1-0

[Event "MCR mladeze, Kouty 2018 - D14"]
[Site "Kouty nad Desnou"]
[Date "2018.03.10"]
[Round "1"]
[White "Ruzickova, Ema"]
[Black "Gregurkova, Nikola"]
[Result "0-1"]
[WhiteElo "1306"]
[BlackElo "1579"]
[EventDate "2018.03.10"]

1. e4  e5  2. f4  d5
3. exd5  c6  4. Nf3
e4  5. Qe2  cxd5
6. d3  Qe7  7. dxe4
dxe4  8. Ne5  Nf6
9. Nc3  Bd7  10. Nxe4
Nxe4  11. Qxe4  Nc6
12. Bd3  Nxe5  13. Qxe5
Qxe5+  14. fxe5  Bc5
15. Bf4  Bc6  16. Bf1
O-O-O  17. h3  Rhe8
18. Rd1  Bd4  19. c3
Bxe5  20. Rxd8+  Kxd8
21. Bxe5  Rxe5+  22. Kd2
Ke7  23. Rg1  Kd6
24. Bc4  f6  25. g3
Kc5  26. Bd3  h6
27. Re1  Rxe1  28. Kxe1
Kd5  29. b3  Bd7
30. h4  g5  31. a4
a5  32. Be2  Ke4
33. Kd2  b6  34. Bd1
Be6  35. b4  f5
36. Be2  f4  37. gxf4  gxf4
38. b5  Bb3  39. Bd1
Bxd1  40. Kxd1  Kd3
41. c4  Kxc4  42. Ke2
Kb4  43. Kf3  Kxa4
44. Kxf4  Kxb5  45. Ke3
Kc4  46. Kd2  b5
47. Kc2  b4  48. h5
a4  49. Kb2  a3+
50. Ka2  Kc3  51. Kb1
b3  52. Ka1  b2+
53. Kb1  a2+  0-1

[Event "MCR mladeze, Kouty 2018 - D14"]
[Site "Kouty nad Desnou"]
[Date "2018.03.10"]
[Round "1"]
[White "Vavrinkova, Anna"]
[Black "Pluharova, Asja"]
[Result "1-0"]
[WhiteElo "1565"]
[BlackElo "1159"]
[EventDate "2018.03.10"]

1. e4  c5  2. Nf3  d6
3. Bb5+  Bd7  4. Bxd7+
Nxd7  5. d4  cxd4
6. Nxd4  Ngf6  7. Nc3
e6  8. O-O  Be7
9. Kh1  O-O  10. f4  Rc8
11. Qf3  Qc7  12. Be3
a6  13. Rad1  Rfe8
14. g4  h6  15. g5
hxg5  16. fxg5  Ne5
17. Qg2  Nfg4  18. Bf4
Nc4  19. Qxg4  Nxb2
20. g6  Rf8  21. Nxe6
fxe6  22. Qh5  Rf6
23. Qh7+  Kf8  24. Qh8# 1-0

[Event "MCR mladeze, Kouty 2018 - D14"]
[Site "Kouty nad Desnou"]
[Date "2018.03.10"]
[Round "1"]
[White "Merinska, Julie"]
[Black "Stastna, Martina"]
[Result "0-1"]
[WhiteElo "1135"]
[BlackElo "1531"]
[EventDate "2018.03.10"]

1. e4  e5  2. Nf3  Nc6
3. Bc4  Nf6  4. Nc3
Bc5  5. d3  d6
6. Bg5  Be6  7. Bxe6  fxe6
8. Qd2  Qe7  9. O-O-O
O-O-O  10. Bxf6  Qxf6
11. Rhf1  Rhe8  12. Kb1
d5  13. h3  Bb4
14. exd5  exd5  15. Rde1  d4
16. Re4  dxc3  17. bxc3
Ba5  18. Rfe1  Qd6
19. Ra4  Qc5  20. Qc1
Bxc3  21. Re2  Qb5+
22. Qb2  Qxb2#  0-1

[Event "MCR mladeze, Kouty 2018 - D14"]
[Site "Kouty nad Desnou"]
[Date "2018.03.10"]
[Round "1"]
[White "Dudova, Pavlina"]
[Black "Markova, Katerina"]
[Result "1-0"]
[WhiteElo "1526"]
[BlackElo "1129"]
[EventDate "2018.03.10"]

1. e4  e5  2. Nf3  Nc6
3. Bc4  Bc5  4. c3
d6  5. h3  Nf6
6. d3  Be6  7. Bb3  Bb6
8. O-O  O-O  9. Nbd2
h6  10. Re1  Qd7
11. Bc2  Rad8  12. Nf1
d5  13. Qe2  Nh5
14. Nxe5  Nxe5  15. Qxh5
Nc6  16. d4  Rfe8
17. e5  Qc8  18. Re3
Kh8  19. Rg3  Rg8
20. Bxh6  gxh6  21. Qxh6#
1-0

[Event "MCR mladeze, Kouty 2018 - D14"]
[Site "Kouty nad Desnou"]
[Date "2018.03.10"]
[Round "1"]
[White "Souckova, Viktorie"]
[Black "Malkova, Adriana"]
[Result "0-1"]
[WhiteElo "1126"]
[BlackElo "1486"]
[EventDate "2018.03.10"]

1. e4  c5  2. Nf3  a6
3. Nc3  e6  4. b3
Nc6  5. Bb2  Qc7
6. h3  Nf6  7. Bc4
b5  8. Be2  b4
9. Na4  Nxe4  10. d3  Nf6
11. d4  cxd4  12. Nxd4
Nxd4  13. Bxd4  Nd5
14. Bf3  Bb7  15. O-O
f6  16. Qd2  Bc6
17. Rae1  Ne7  18. Bb6
Qb7  19. Bxc6  Nxc6
20. Nc5  Bxc5  21. Bxc5
a5  22. Qd6  O-O-O
23. a3  bxa3  24. Bxa3
Qc7  25. Qc5  e5
26. Re4  Nd4  27. Qd5
Qc6  28. Rxd4  exd4
29. Qxd4  d5  30. Qa7
Qb5  31. Qxg7  f5
32. Qf7  d4  33. c4
dxc3  34. Qc4+  Qxc4
35. bxc4  c2  36. c5
Rd1  37. g3  Rxf1+
38. Kxf1  Rd8  39. Ke2
Rd1  40. g4  fxg4
41. hxg4  c1=Q  42. Bxc1
Rxc1  43. f4  Rxc5
44. f5  Kd7  45. Ke3
Ke7  46. Ke4  Kf6
47. Kf4  h6  48. Ke4
a4  49. Kd4  Rc8
50. Ke4  a3  51. Kf4
a2  52. Kf3  a1=Q
53. Kg3  Rc3+  54. Kf4
Qa4#  0-1